[Event "Europe Echecs online op April"]
[Site "Europe Echecs INT"]
[Date "2020.04.11"]
[Round "2"]
[White "Maurizzi, Marc Andria"]
[Black "Lefailli, Ali"]
[Result "0-1"]
[WhiteElo "2435"]
[BlackElo "1500"]
[PlyCount "60"]
[EventDate "2020.04.11"]
[EventType "swiss (blitz)"]
[EventRounds "11"]
[EventCountry "FRA"]
[SourceTitle "EXT 2021"]
[Source "ChessBase"]
[SourceDate "2020.10.23"]
[SourceVersion "1"]
[SourceVersionDate "2020.10.23"]
[SourceQuality "1"]

1. e4 c5 2. Nf3 e6 3. Be2 a6 4. 0-0 Qc7 5. c4 Nc6 6. d4 cxd4 7. Nxd4 Nf6 8. Nc3 Bd6 9. g3 Bb4 10. Bg5 Bxc3 11. Bxf6 Bxb2 12. Bxg7 Nxd4 13. Bxd4 Bxa1 14. Qxa1 Rg8 15. c5 Qf4 16. Bd3 d6 17. cxd6 Qxd6 18. Rd1 Bd7 19. Bf6 Bc6 20. Be2 Qc5 21. Bd4 Qc2 22. Bd3 Qa4 23. Bf6 Bxe4 24. Bxe4 Qxe4 25. Rd4 Qf5 26. Rf4 Qxf4 27. Qc3 Qd6 28. Be5 Qc6 29. Qd3 Rd8 30. Qe2 Qd5 0-1